Análisis estadístico: estudio clínico, anatómico y funcional, pre y post tratamiento, de pacientes con hiperplasia prostatica benigna, ensayo con tamsulosina
Guardat en:
| Autors principals: | , |
|---|---|
| Format: | Llibre |
| Idioma: | espanyol |
| Publicat: |
Valparaíso
Universidad Católica de Valparaíso
1999
|
| Matèries: | |
| Etiquetes: |
Afegir etiqueta
Sense etiquetes, Sigues el primer a etiquetar aquest registre!
|
MARC
| LEADER | 00000nam a2200000 a 4500 | ||
|---|---|---|---|
| 001 | UCO0430 | ||
| 003 | CL-VaPUC | ||
| 008 | 000420e19990000CL |||||||||||||||||spa|d | ||
| 082 | 0 | 4 | |a 519.5 |b HER |2 21 |
| 100 | |a Herrera Bilbao, Raúl Ernesto |e author |9 827559 | ||
| 700 | 0 | |a Subiabre C, Jaime |e author |9 441695 | |
| 245 | 1 | 0 | |a Análisis estadístico: estudio clínico, anatómico y funcional, pre y post tratamiento, de pacientes con hiperplasia prostatica benigna, ensayo con tamsulosina |
| 300 | |a 89 h | ||
| 942 | |c BK | ||
| 945 | |d 20000420 00:00:00 |a vberengu | ||
| 260 | |a Valparaíso |b Universidad Católica de Valparaíso |c 1999 | ||
| 500 | |a Taller de Estadística; prof. guía: Renato Allende Olivares; Jorge Galbiati Riesco | ||
| 600 | 0 | 7 | |a HOSPITAL CARLOS VAN BUREN |2 CL-VaPUC |9 441696 |
| 650 | 0 | |a Análisis estadístico |9 269506 | |
| 650 | 7 | |a ENFERMEDADES UROGENITALES |2 CL-VaPUC |9 342185 | |
| 583 | |a last modification |c 20130403 01:52:36 |k Rodrigo Vera | ||
| 999 | |c 287135 |d 287133 | ||
| 952 | |0 0 |1 0 |2 ddc |4 0 |6 519_500000000000000_HER_1999 |7 0 |8 T |9 333569 |a BIBGIM |b BIBGIM |d 2019-11-20 |i 3605760 |o 519.5 HER 1999 |p 3605760 |r 2019-11-20 |w 2019-11-20 |y BK_F |k EST | ||